[Event "Cagliari Coppa 31st"]
[Site "Cagliari"]
[Date "2006.04.02"]
[Round "6"]
[White "Lai, Luca"]
[Black "Palmieri, Roberto N"]
[Result "1-0"]
[WhiteElo "1829"]
[BlackElo "1838"]
[PlyCount "59"]
[EventDate "2006.03.25"]
[EventType "swiss"]
[EventRounds "7"]
[EventCountry "ITA"]
[SourceTitle "EXT 2024"]
[Source "ChessBase"]
[SourceDate "2023.10.10"]
[SourceVersion "1"]
[SourceVersionDate "2023.10.10"]
[SourceQuality "1"]

1. f4 d5 2. b4 Bf5 3. Bb2 e6 4. e3 Nf6 5. a3 Bd6 6. d3 0-0 7. h3 Nfd7 8. Nf3 h6 9. g4 Bh7 10. Rg1 c5 11. bxc5 Nxc5 12. Nc3 Be7 13. Qd2 Qb6 14. Rb1 Bf6 15. Qd1 Qa5 16. Qd2 Nc6 17. g5 hxg5 18. Nxg5 d4 19. Nce4 Qxd2+ 20. Nxd2 Bg6 21. e4 e5 22. f5 Bh5 23. h4 Rfd8 24. Bh3 Na4 25. Nf1 g6 26. Bc1 b6 27. Ng3 Rdc8 28. fxg6 fxg6 29. Nxh5 gxh5 30. Be6+ 1-0

[Event "Cagliari Coppa 31st"]
[Site "Cagliari"]
[Date "2006.03.25"]
[Round "1"]
[White "Palmieri, Roberto N"]
[Black "Basciu, Simone"]
[Result "0-1"]
[WhiteElo "1838"]
[BlackElo "2176"]
[PlyCount "38"]
[EventDate "2006.03.25"]
[EventType "swiss"]
[EventRounds "7"]
[EventCountry "ITA"]
[SourceTitle "EXT 2024"]
[Source "ChessBase"]
[SourceDate "2023.10.10"]
[SourceVersion "1"]
[SourceVersionDate "2023.10.10"]
[SourceQuality "1"]

1. e4 c5 2. Nf3 Nc6 3. c3 e6 4. Bc4 d6 5. 0-0 Nf6 6. Re1 Nxe4 7. Rxe4 d5 8. Bxd5 Qxd5 9. d3 Be7 10. Na3 0-0 11. Bf4 g5 12. Nxg5 Bxg5 13. Bxg5 f5 14. Rh4 Ne5 15. Qh5 Rf7 16. Bf6 Rxf6 17. Qxh7+ Kf8 18. Qh8+ Ke7 19. Nb5 Nf3+ 0-1

[Event "Cagliari Bitti Memorial-B 1st"]
[Site "Cagliari"]
[Date "2001.03.31"]
[Round "4"]
[White "Palmieri, Roberto N"]
[Black "Loi, Francesco"]
[Result "1-0"]
[WhiteElo "1564"]
[BlackElo "1395"]
[PlyCount "83"]
[EventDate "2001.03.17"]
[EventType "swiss"]
[EventRounds "7"]
[EventCountry "ITA"]
[SourceTitle "EXT 2023"]
[Source "ChessBase"]
[SourceDate "2022.10.05"]
[SourceVersion "1"]
[SourceVersionDate "2022.10.05"]
[SourceQuality "1"]

1. e4 e5 2. Nf3 Nc6 3. Bb5 a6 4. Ba4 Nf6 5. 0-0 Be7 6. Re1 0-0 7. c3 b5 8. Bc2 Re8 9. d4 d6 10. h3 Nh5 11. d5 Na5 12. Nxe5 dxe5 13. Qxh5 g6 14. Qe2 Bg5 15. Nd2 Bf4 16. b4 Nb7 17. Nf3 Bxc1 18. Raxc1 Qf6 19. Bb3 Nd6 20. Qe3 Kg7 21. c4 bxc4 22. Bxc4 Nb5 23. a4 Nd6 24. Bd3 Re7 25. Qe2 Ra7 26. Rc3 a5 27. b5 Bd7 28. Rec1 Bc8 29. Qe3 Rb7 30. Nd2 Qf4 31. Qxf4 exf4 32. f3 f6 33. Nc4 Nxc4 34. Rxc4 Rd7 35. Rc6 Rd8 36. Rxc7+ Rxc7 37. Rxc7+ Bd7 38. b6 Kf8 39. b7 Bxa4 40. Rc8 Rxc8 41. bxc8Q+ Be8 42. Bb5 1-0

[Event "Cagliari Bitti Memorial-B 1st"]
[Site "Cagliari"]
[Date "2001.03.18"]
[Round "2"]
[White "Palmieri, Roberto N"]
[Black "Putzolu, Marcello"]
[Result "0-1"]
[WhiteElo "1564"]
[BlackElo "1615"]
[PlyCount "104"]
[EventDate "2001.03.17"]
[EventType "swiss"]
[EventRounds "7"]
[EventCountry "ITA"]
[SourceTitle "EXT 2023"]
[Source "ChessBase"]
[SourceDate "2022.10.05"]
[SourceVersion "1"]
[SourceVersionDate "2022.10.05"]
[SourceQuality "1"]

1. e4 c5 2. Nf3 d6 3. d4 cxd4 4. Nxd4 Nf6 5. Nc3 a6 6. Bg5 e6 7. f4 Be7 8. Qd2 Nc6 9. 0-0-0 0-0 10. Be2 Qc7 11. h4 b5 12. Bf3 Bb7 13. e5 dxe5 14. Nxc6 Bxc6 15. Bxc6 Qxc6 16. fxe5 Rfd8 17. Qe2 Nd5 18. Nxd5 Bxg5+ 19. hxg5 exd5 20. Rd4 Qg6 21. Qd2 Rac8 22. Rhh4 Rc6 23. c4 Rdc8 24. b3 bxc4 25. bxc4 Rb6 26. Rd3 Rcb8 27. Rb3 Rxb3 28. axb3 Rxb3 29. Qxd5 Qb1+ 30. Kd2 Rb2+ 31. Ke3 Qe1+ 32. Kf3 Rf2+ 33. Kg4 Qe2+ 34. Kh3 Qe3+ 35. Kh2 g6 36. Qd4 Qxd4 37. Rxd4 Rc2 38. Rd6 a5 39. Ra6 Rxc4 40. Rxa5 Rg4 41. Kh3 Rxg5 42. g4 h5 43. gxh5 Rxh5+ 44. Kg4 Rf5 45. Rb5 Kf8 46. Rb8+ Ke7 47. Rb7+ Ke6 48. Rb6+ Kxe5 49. Rb5+ Ke4 50. Rxf5 gxf5+ 51. Kg3 Ke3 52. Kg2 f4 0-1